| 000 | 00453nam a2200157Ia 4500 | ||
|---|---|---|---|
| 999 |
_c19938 _d19938 |
||
| 003 | OSt | ||
| 005 | 20200706112906.0 | ||
| 008 | 190216s9999||||xx |||||||||||||| ||und|| | ||
| 040 | _coclc | ||
| 082 |
_a943.086092 _bHIT/M |
||
| 100 |
_aHitler, Adolf _93551 |
||
| 245 | 0 |
_aMein Kampf / _cAdolf Hitler |
|
| 260 |
_bJaico Publishing House, _c1988. _aBombay: |
||
| 300 | _a566p | ||
| 942 |
_cBK _2ddc _h943.086092 _iHIT/M _k943.086092 _mHIT/M |
||